000 00356nam a2200133Ia 4500
008 240624s9999 xx 000 0 und d
041 _aeng
082 _a658.4038 MAR
100 _aMARIANO STEFANIA
245 _aROLE OF EXPATRIATES IN MNCS KNOWLEDGE MO
260 _c2011
_aUnited Kingdom
_bEmerald
300 _axv, : 247 : p. : cm. ; 23
365 _c
_b25
999 _c24160
_d24160